Yearbook & Infopedia 2021 (Record no. 181963)

MARC details
000 -LEADER
fixed length control field 00625nam a22001937a 4500
005 - DATE AND TIME OF LATEST TRANSACTION
control field 20211012122003.0
010 ## - LCCN (DPL NO)
LC control number B-741750
020 ## - INTERNATIONAL STANDARD BOOK NUMBER
Terms of availability 299.00
International Standard Book Number 9789389253863
035 ## - SYSTEM CONTROL NUMBER
System control number B-741750
037 ## - SOURCE OF ACQUISITION
Source of stock number/acquisition Gift
082 ## - DEWEY DECIMAL CLASSIFICATION NUMBER
Classification number 000
245 ## - TITLE STATEMENT
Title Yearbook & Infopedia 2021
260 ## - PUBLICATION, DISTRIBUTION, ETC. (IMPRINT)
Place of publication, distribution, etc Gurugram
Name of publisher, distributor, etc Hachette Book Publishing
Date of publication, distribution, etc 2020
270 ## - ADDRESS
Address 4th and 5th Floors, Corporate Centre, Plot No.94
City Gurugram
Postal code 122003
300 ## - PHYSICAL DESCRIPTION
Extent 224 p.
Dimensions 21cm(pbk)
Other physical details ill
500 ## - GENERAL NOTE
General note Refreshed, revised, updated <br/>Hachette children's
942 ## - ADDED ENTRY ELEMENTS (KOHA)
Source of classification or shelving scheme Dewey Decimal Classification
Item type Children Books
Classification part 000
Call number suffix YEA
Holdings
Withdrawn status Lost status Not for loan Collection code Home library Current library Date acquired Source of acquisition Cost, normal purchase price Full call number Barcode Copy number Cost, replacement price Koha item type Public note
      Non-fiction Ashok Vihar Ashok Vihar 12/10/2021 Gift/4.10.2021 299.00 000 YEA B-741750 1 299.00 Children Books Gift

© Delhi Public Library
Hit Counter
free hit counter